Introducing sociology

Saved in:
Bibliographic Details
Main Author: Worsley, Peter
Format: Book
Language:English
Published: Harmondsworth : Penguin, c1977
Edition:2nd ed.
Series:Open University set book
Subjects:
Tags: Add Tag
No Tags, Be the first to tag this record!

MARC

LEADER 00000nam a2200000 i 4500
001 1/28728
008 950407s1977 eng d
020 |a 0-1408-0187-1 (pbk.) 
035 |l 10023089 
040 |a GR-MY-UA  |b gre  |e aacr 
041 0 |a eng 
082 0 |a 301 
100 1 |a Worsley, Peter. 
245 1 0 |a Introducing sociology 
250 |a 2nd ed. 
260 |a Harmondsworth :   |b Penguin,   |c c1977 
300 |a 605 p. 
490 1 |a Open University set book 
650 0 0 |a Sociology. 
830 0 |a Open University set book 
852 |a INST  |b CHIOS  |e 19950407  |h 301 WOR  |p 005200001854  |q 005200001854  |t BK  |y 0 
909 |a Χ  |b 001516